Muerte y resurrección de "facundo" /

Guardado en:
Autor Principal: Jitrik, Noé
Formato: Libro
Publicado: Buenos Aires : Centro Editor de América Latina, 1968
Series:Biblioteca de Literatura
Materias:
Etiquetas: Agregar Etiqueta
Sin Etiquetas, Sea el primero en etiquetar este registro!
LEADER 00720nam a22002055a 4500
001 CEM.cems003496
005 20100914102744.0
008 130507s1968##################000#0#####d
003 CEMS
082 0 4 |a A868.4 
100 1 |a Jitrik, Noé 
245 1 0 |a Muerte y resurrección de "facundo" /  |c Noé Jitrik 
260 |a Buenos Aires :  |b Centro Editor de América Latina,  |c 1968 
300 |a 110 p. 
490 0 |a Biblioteca de Literatura 
505 0 |a Imagen primera de Facundo -- Imagen de Rosas -- Imagen segunda de Facundo -- Imagen del interior -- Imagen de Buenos Aires 
653 |a Literatura 
653 |a Literatura argentina 
653 |a Sarmiento-crítica 
859 |a CEMS  |b BIB. CEMS - 11 de abril  |h A868.4  |i J567  |p 4761.76  |t Ej.1